000 nam a22 7a 4500
999 _c127617
_d127617
008 180314b xxu||||| |||| 00| 0 eng d
020 _a9781861518705
050 _aBX1682.S71 M732
100 _aMomanyi, Oscar
_96582
245 _aWith God in South Sudan
_cOscar Momanyi
260 _aGloucestershire
_bMereo Books
_c2017
300 _aiv, 158p. ;
_c21cm.
600 _aMomanyi, Oscar
_96582
650 _aCatholic Church in South Sudan
_940556
942 _2lcc
_cMONOGRAPH